| 000 | 00725nam a22001935i 4500 | ||
|---|---|---|---|
| 001 | 156448 | ||
| 003 | ES-MaACL | ||
| 005 | 20250816085942.0 | ||
| 008 | 040802s1888 fr |||| | fre d | ||
| 040 |
_aCAM _bspa _cCAM |
||
| 100 | 1 |
_aJouin, Henry. _9128366 |
|
| 245 | 1 | 0 |
_aEsthétique du sculpteur / _cpar Henry Jouin. |
| 260 |
_aParis : _bHenri Laurens, éditeur, _c1888 ( _eAbbeville : _fTyp. et stér. A. Retaux) |
||
| 300 |
_a316 p. ; _c22 cm. |
||
| 505 | 8 | _aContiene : Philosophie de l'art plastique ; La statue ; Le groupe ; Le buste ; Le bas-relief ; Les pierres gravées ; Les médailles | |
| 650 | 0 | 7 |
_aEscultura _2embne _912417 |
| 852 |
_aES-MaACL _jF-12736 _z-- Enc. hol. |
||
| 999 |
_c156448 _d156448 |
||